Fr. Conceicao Rodrigues College of Engineering

CCIE professional development:Routing TCP/IP (Record no. 21077)

MARC details
000 -LEADER
fixed length control field 00348nam a2200169Ia 4500
082 ## - DEWEY DECIMAL CLASSIFICATION NUMBER
Classification number 4.62
Item number DOY
100 ## - MAIN ENTRY--PERSONAL NAME
Personal name Doyle/Jeff
250 ## - EDITION STATEMENT
Edition statement 2
245 ## - TITLE STATEMENT
Title CCIE professional development:Routing TCP/IP
260 ## - PUBLICATION, DISTRIBUTION, ETC.
Name of publisher, distributor, etc. CISCO
Date of publication, distribution, etc. 2006
366 ## - TRADE AVAILABILITY INFORMATION
Publishers's discount category 25
300 ## - PHYSICAL DESCRIPTION
Extent 911
546 ## - LANGUAGE NOTE
Language note ENGLISH
-- Info.Tech
650 ## - SUBJECT ADDED ENTRY--TOPICAL TERM
Topical term or geographic name entry element CCIE
942 ## - ADDED ENTRY ELEMENTS (KOHA)
Koha item type BOOK
Holdings
Withdrawn status Lost status Damaged status Not for loan Collection Home library Current library Date acquired Source of acquisition Cost, normal purchase price Inventory number Total Checkouts Full call number Barcode Date last seen Cost, replacement price Price effective from Koha item type
        CRC Fr. Agnel's C.Rodrigues College of Engineering Fr. Agnel's C.Rodrigues College of Engineering 17/03/2023 Book World 637.50 291 dt 19/04/2011   4.62 DOY 21499 17/03/2023 850.00   BOOK